00474nam a22001817a 450000500170000000800410001702000260005804000090008404100120009308200160010510000180012124500670013926000240020630000090023065000150023970000180025470000200027220250318152741.0250318b |||||||| |||| 00| 0 eng d a9789364371063c995.00 aMAIN aEnglish a540.76bGUP aGupta, Preeti aNTA CSIR UGC NET/SET JRF and Lectureship b: Chemical Science  aNew DelhibArihant  a1364 aChemistry  aTomar, Aditya aSharma, Naveen